00728nam a22002057a 450000500170000001000150001702000110003203500130004303700130005608200120006910000200008124500900010126000390019127000830023030000590031349000130037250000500038565000450043565000420048020140218161017.0 aENG-108565 c400.00 aEN-92098 bDBAD/PUB a780.922 aRajagopalan, N. aThe fragrant garland :ba reprint with absorbing vital additions /cby N. Rajagopalan aChennaibCarnatic Classicalsc2013 aMayur Apartments No. 7, 24th Cross Street Indira Nagar, AdyarbChennaie600020 aV.4(414p.),[10]p. of plates :c25cm (Hb)bill., ports. aGarland  aInculdes bibliographical references and index a Musicians z India, South |x Biography. aComposerszIndia, South |x Biography.